000 00527nam a2200181Ia 4500
005 20250508162047.0
008 008 250505s9999 xx 000 0 eng d
037 _aTextual
040 _aFEDL
_beng
_cFEDL
041 _aeng
_2eng
084 _a375, SCH
_qFEDL
100 _aMathews J C
_9597390
245 0 _aExaminations : their use in curriculum evaluation and development
260 _aLondon, UK
_bEvans Brothers Limited
_c1976
300 _a46p.
942 _cTEXL
_h375, SCH
999 _c1374126
_d1374126